| 000 | 00360 a2200169 4500 | ||
|---|---|---|---|
| 001 | 14739 | ||
| 020 | _a9788535612608 | ||
| 040 | _cAnchieta - Aquarius | ||
| 100 | _aBelinky, Tatiana | ||
| 240 | 1 | 0 |
_aO mágico de oz _lpor |
| 245 | 1 | 0 | _aO mágico de oz |
| 300 | _a77 | ||
| 362 | 0 | _a2008 | |
| 440 | 1 | _aPaulinas | |
| 650 | 4 | _aLiteratura juvenil | |
| 942 | _cBK | ||
| 999 |
_c14739 _d14739 |
||